000
00376nam a22001457a 4500
999
_c
527191
_d
527191
020
_a
9789350142882
082
_a
625.7
_b
UPA
100
_a
Upadhyay A.k
245
_a
HIghway Engineering /
_c
Upadhyay A.K
260
_a
Dehli :
_b
S.K. Kataria & Sons
300
_a
255 p. ;
942
_2
ddc
_c
BK